000
00492nam a2200145Ia 4500
008
100204s9999 xx 000 0 und d
082
_b
10324
100
_a
क्षेत्रमाडे सुमती
245
_a
सिंधुदुर्ग
260
_b
"बांदोडकर पब्लिशिंग हाऊस, गोवा"
_c
1988 2
300
_a
172
630
_a
सिंधुदुर्ग
730
_a
सिंधुदुर्ग
942
_c
BOOK
999
_c
454760
_d
454757